প্রিয়নবী (সাল্লাল্লাহু আলাইহি ওয়াসাল্লাম) / (Record no. 12469)
[ view plain ]
| 000 -LEADER | |
|---|---|
| fixed length control field | 00931nam a2200229 a 4500 |
| 001 - CONTROL NUMBER | |
| JCCL Control Number | 12469 |
| 003 - CONTROL NUMBER IDENTIFIER | |
| JCCL marc code | BD-JhCC |
| 005 - DATE AND TIME OF LATEST TRANSACTION | |
| control field | 20220226104322.0 |
| 008 - FIXED-LENGTH DATA ELEMENTS--GENERAL INFORMATION | |
| fixed length control field | 220226s10192017bg |||| |||| 000 0 ban d |
| 020 ## - INTERNATIONAL STANDARD BOOK NUMBER | |
| International Standard Book Number | 9847004800004 |
| 035 ## - SYSTEM CONTROL NUMBER | |
| system control number | (BD-JhCC)12469 |
| 040 ## - CATALOGING SOURCE | |
| Original cataloging agency | BD-JhCC |
| Modifying agency | BD-JhCC |
| 041 ## - LANGUAGE CODE | |
| Language code of Book | ban |
| 082 ## - DEWEY DECIMAL CLASSIFICATION NUMBER | |
| Classification number | 297.63 |
| Author mark and Year | NAD 2017 |
| 100 ## - MAIN ENTRY--PERSONAL NAME | |
| Personal name | নদভী, ইয়াহইয়া ইউসুফ |
| 245 ## - TITLE STATEMENT | |
| Title | প্রিয়নবী (সাল্লাল্লাহু আলাইহি ওয়াসাল্লাম) / |
| Statement of responsibility, etc | ইয়াহইয়া ইউসুফ নদভী |
| 260 ## - PUBLICATION, DISTRIBUTION, ETC. (IMPRINT) | |
| Place of publication, distribution, etc | ঢাকা : |
| Name of publisher, distributor, etc | মাকতাবাতুল আশরাফ, |
| Date of publication, distribution, etc | ২০১৭। |
| 300 ## - PHYSICAL DESCRIPTION | |
| Pagination | ৫৭৬ পৃ. : |
| Dimensions | ২২ সেমি. |
| 490 ## - SERIES STATEMENT | |
| Series statement | শিশু-কিশোর সীরাতুন্নবী স. সিরিজ : ১-১০ |
| 600 ## - SUBJECT ADDED ENTRY--PERSONAL NAME | |
| Personal name | Muhammad (Sm), Hazrat |
| Dates associated with a name | 570-623 |
| 942 ## - ADDED ENTRY ELEMENTS (KOHA) | |
| Source of classification or shelving scheme | Dewey Decimal Classification |
| Koha item type | Books |
| Source of classification or shelving scheme | Damaged status | Not for loan | Home library | Current library | Shelving location | Date of accession | Cost, normal purchase price | Total Checkouts | Full call number | Barcode | Date last seen | Date checked out | Copy number | Koha item type |
|---|---|---|---|---|---|---|---|---|---|---|---|---|---|---|
| Dewey Decimal Classification | JCC Rouf Library | JCC Rouf Library | General Stacks | 06/01/2021 | 466.00 | 1 | 297.63 NAD 2017 | 16733 | 05/24/2025 | 07/24/2024 | C-1 | Books |